000
00307nam a2200145Ia 4500
100
_a
Wallace/Thomas F
942
_c
BK
366
_f
25
245
_a
Master scheduling in the 21st century
260
_b
SPD
_c
2003
082
_a
658.5
_b
WAL
300
_a
206
546
_a
ENGLISH
_c
Info.Tech
999
_c
28916
_d
28916